000
002820000a22000970004500
100
1
_a
Deiros, Pablo A. (Alberto) (1945-)
245
1
0
_a
Transfondo del catolicismo Latinoamericano
300
_a
Vol. 9, Num 4 (Diciembre, 1990) Páginas 24-25
773
0
_t
Iglesia y Misión
942
_c
ANA
999
_c
51900
_d
51900